Statistics for Final Chart in Eurovision Song Contest 2015

Click here to take the quiz!

General Stats

  • This quiz has been taken 215 times
    (124 since last reset)
  • The average score is 36 of 40

Answer Stats

PointsCountry% Correct
303Russia
100%
365Sweden
100%
0Germany
99%
102Norway
99%
4France
98%
0Austria
97%
292Italy
97%
DNQDenmark
95%
106Estonia
94%
10Poland
94%
DNQFinland
93%
23Greece
93%
DNQIreland
93%
39Slovenia
93%
15Spain
93%
DNQBelarus
92%
217Belgium
92%
53Serbia
92%
5United Kingdom
92%
196Australia
91%
19Hungary
91%
DNQIceland
91%
186Latvia
91%
49Azerbaijan
90%
34Albania
89%
35Romania
89%
30Lithuania
88%
34Armenia
87%
11Cyprus
87%
DNQMoldova
87%
DNQPortugal
87%
DNQSwitzerland
87%
97Israel
86%
DNQMalta
86%
DNQNetherlands
85%
DNQSan Marino
85%
44Montenegro
83%
DNQCzech Republic
82%
51Georgia
81%
DNQFYR Macedonia
47%

Score Distribution

Percentile by Number Answered

Percent of People with Each Score

Your Score History

You have not taken this quiz since the last reset